| 000 | 00720nam a2200253 i 4500 | ||
|---|---|---|---|
| 001 | bgj | ||
| 100 | 1 | _aLewandowski, Theodor. | |
| 245 | 1 | 0 |
_aLinguistisches Wörterbuch. _cTheodor Lewandowski. _n2 / |
| 250 | _aWyd. 6. | ||
| 260 |
_aHeidelberg ; _aWiesbaden : _bQuelle & Meyer, _c1994. |
||
| 300 |
_aS. 416-882 ; _c19 cm. |
||
| 490 | 1 |
_aUTB für Wissehschaft: Uni-Taschenbücher _v1518 |
|
| 650 | 9 |
_aJęzyk niemiecki _xlingwistyka |
|
| 655 | _aSłowniki | ||
| 830 | _aUTB für Wissehschaft: Uni-Taschenbücher | ||
| 020 | _a3825215180 | ||
| 040 | _cBPK | ||
| 041 | 0 | _ager | |
| 044 | _aDEU | ||
| 080 | _a811.112.2(03) | ||
| 920 | _a3-825-21518-0 | ||
| 942 | _cKS | ||
| 008 | s gw f |000 0 ger | ||
| 999 |
_c49404 _d49404 |
||
| 856 |
_uhttp://koha.tu.koszalin.pl/cgi-bin/koha/opac-detail.pl?biblionumber=49404 _yKatalog online BPK |
||